Statistics for Most Guessed U.S. Cities

Click here to take the quiz!

General Stats

  • This quiz has been taken 34,522 times
    (11,734 since last reset)
  • The average score is 16 of 20

Answer Stats

%City% Correct
99New York City
100%
99Los Angeles
98%
97Chicago
95%
95Miami
94%
94San Francisco
92%
95Houston
89%
93Boston
89%
94Dallas
88%
88Washington D.C.
87%
93Seattle
86%
91Philadelphia
80%
89Detroit
77%
90Las Vegas
77%
89Atlanta
77%
91San Diego
74%
90Phoenix
71%
88Denver
71%
87New Orleans
70%
88Portland
65%
85Austin
64%

Score Distribution

Percentile by Number Answered

Percent of People with Each Score

Your Score History

You have not taken this quiz since the last reset